• 首页
  • 本馆介绍
  • 公告通知
  • 最新文献
  • 馆藏检索
  • 电子资源
  • 读者导购
  • 参考咨询
  • 我的图书馆
  • 登录
  • 详细信息显示
  • 放入我的书架
  • 预约/预借图书
  • 作者相关作品
  • 分类相关作品
  • 丛书相关作品
  • 出版社相关作品

书目信息

  • 表格格式
  • 工作单格式
  • 卡片格式
题名:
DSP应用技术
    
 
作者: 赵明忠 编
分册:  
出版信息: 西安   西北电子科技大学出版社  2004.02
页数: 370页
开本: 26cm
丛书名:
单 册:
中图分类: TN911.72
科图分类:
主题词: 通信理论
电子资源:
ISBN: 7-5606-1339-X
000 00594nam0 2200205 450
001 0637082744
005 20060613085634.24
010    @a7-5606-1339-X@dCNY25.00
100    @a20060610d2004 km y0chiy0120 ea
101 0  @achi
102    @aCN@b610000
200 1  @aDSP应用技术@ADSP ying yong ji shu@f赵明忠等编@Fzhao ming zhong deng bian
210    @a西安@c西北电子科技大学出版社@d2004.02
215    @a370页@d26cm
300    @a高职高专系列规划教材
606 0  @a通信理论
690    @aTN911.72@v4
701  0 @a赵明忠@Azhao ming zhong@4编
801  0 @aCN@bPFT@c20060613
905    @aBZT@dTN911.72@e2@f6
    
    DSP应用技术/赵明忠等编.-西安:西北电子科技大学出版社,2004.02
    370页;26cm
    高职高专系列规划教材
    
    ISBN 7-5606-1339-X:CNY25.00
    
●
相关链接 在五车中查询图书 在当当中查询图书 在豆瓣中查询图书


正题名:DSP应用技术     索取号:TN911.72/2         预约/预借

序号 登录号 条形码 馆藏地/架位号 状态 备注
1 0446422   230004108   样本书库/样005架B面2层1列/ [索取号:TN911.72/2] 在馆    
2 0446423   230004109   中心书库中库/ 中库028架B面1列2层26/ [索取号:TN911.72/2] 在馆    
3 0446424   230004110   中心书库中库/ 中库028架B面1列2层25/ [索取号:TN911.72/2] 在馆    
4 0446425   230003595   中心书库中库/ 中库028架B面1列2层29/ [索取号:TN911.72/2] 在馆    
5 0446426   230003596   中心书库中库/ 中库028架B面1列2层27/ [索取号:TN911.72/2] 在馆    
6 0446427   230003597   中心书库中库/ 中库028架B面1列2层28/ [索取号:TN911.72/2] 在馆    
山东省滨州职业学院图书馆 欢迎您!
大连网信软件有限公司© 版权所有